Jangan kecewa!

Bibliographic Details
Main Author: Alwi Lateh
Format: Book
Published: Selangor : Karisma Productions , 2008
Subjects:

MARC

LEADER 00000cam a2200000 7i4500
001 0000030631
005 20151222.0
008 110216
020 |a 9831953570 
090 0 0 |a JF   |b MAL 
100 1 |a Alwi Lateh 
245 1 0 |a Jangan kecewa!   |c Alwi Lateh 
260 |a Selangor :   |b Karisma Productions ,   |c 2008 
500 |a Children ages 10-12 years old (pink) 
610 1 0 |a Alwi Lateh 
650 0 |a Biographical fiction, Malay 
650 0 |a Malay fiction 
999 |a 0001055666   |b Book   |c Children Collection   |e Cawangan Taman Sri Lambak 
999 |a 0001055667   |b Book   |c Children Collection   |e Cawangan Bandar Penawar 
999 |a 0001055668   |b Book   |c Children Collection   |e Cawangan Sri Merlong 
999 |a 0001055669   |b Book   |c Children Collection   |e Cawangan Batu Pahat